Score 0/26 Timer 05:00
0 Plays Today
Hint Answer % Correct
____ CastroFidel
96.7%
Ho ____ MinhChi
95%
Karl ____Marx
94.7%
____ StalinJoseph
93.5%
Soviet ____Union
93.4%
____ WallBerlin
92.8%
____ CongViet
87.7%
____ TrotskyLeon
82.4%
____ PactWarsaw
81.4%
Pol ____Pot
79.6%
Kim ____-sungIl
77.2%
Che ____Guevara
73.3%
Khmer ____Rouge
71.4%
Hint Answer % Correct
____ KapitalDas
70.7%
Mao ____Zedong
68.2%
____ AndropovYuri
57%
Friedrich ____Engels
47.8%
____ Revolution, 1917October
43.1%
Prague ____, 1968Spring
42.6%
Nikita ____Khrushchev
42%
Josip Broz ____Tito
41.5%
____ Revolution, 1956Hungarian
39.6%
Deng ____Xiaoping
31.7%
____ CeaușescuNicolae
26.9%
____ DubčekAlexander
24.8%
Jiang ____Qing
21.8%

Today's Daily Dose

Remove Ads.
Support Sporcle.
Get the best of Sporcle when you Go Orange. This ad-free experience offers more features, more stats, and more fun while also helping to support Sporcle. Thank you for becoming a member.

You're not logged in!

Compare scores with friends on all Sporcle quizzes.
OR
Log In

Show Comments

Extras

Top Quizzes Today


Score Distribution

Your Account Isn't Verified!

In order to create a playlist on Sporcle, you need to verify the email address you used during registration. Go to your Sporcle Settings to finish the process.

Report this User

Report this user for behavior that violates our Community Guidelines.

Details: